| 000 | 01799nam a2200313 i 4500 | ||
|---|---|---|---|
| 001 | 768714001 | ||
| 003 | CO-MdFUSB | ||
| 005 | 20220325100051.0 | ||
| 007 | ta | ||
| 008 | 200730t2005 ec a|||| |||| 00| 0 spa d | ||
| 020 | _q[No incluye ISBN] | ||
| 040 |
_aCO-MdFUSB _bspa _cCO-MdFUSB _dCO-MdFUSBC _erda |
||
| 041 | _aspa | ||
| 082 |
_223 _a253.5 _bL456 |
||
| 100 |
_aLecaro Tobar, Miguel _eautor |
||
| 245 |
_aConsejos para jóvenes ministros _c/ Miguel Lecaro Tobar |
||
| 264 | 1 |
_aGuayaquil, Ecuador : _b[Editor no identificado], _c[2005] |
|
| 264 | 4 | _c© 2005 | |
| 300 | _c; | ||
| 336 |
_2rdacontent _atexto _btxt |
||
| 337 |
_2rdamedia _asin mediación _bn |
||
| 338 |
_2rdacarrier _avolumen _bnc |
||
| 500 | _aPáginas rayadas | ||
| 505 | _aApunte hacia la meta que desea ir -- Haga planes y proyectos subordinados a la voluntad de Dios -- No se deje dominar por ideas materialistas -- Escale la montaña poquito a poco -- Ten cuidado de ti mismo -- Dé mucha importancia a los detalles -- Cultive buenos hábitos -- Sea honrado y justo con usted mismo -- Huya de las disputas -- Tenga cuidado con el engaño del éxito -- Imite, pero no copie -- No dé noticias falsas de su persona, sea usted mismo -- No se deje llevar por las emociones -- Elija una compañera idónea -- No entre al lugar donde va a trabajar sirviendo al Señor "pateando la puesta" -- Procure ser siempre ejemplo de la grey -- Que sus mensajes no sean como "repartiendo estocadas" -- No pida de ningún miembro de su congregación, alguna cosa que usted no haga primero -- Procure estar siempre actualizado en todo -- Ame su trabajo y dé gracias al Señor todos los días por el privilegio de ser su siervo | ||
| 650 | 0 |
_9228 _aConsejería pastoral |
|
| 650 | 0 |
_92014 _aLiderazgo |
|
| 942 | _cBK | ||
| 945 | _aDani | ||
| 999 |
_c66575 _d66575 |
||